Personální certifikace - moderní nástroj řízení lidských zdrojů

Nástrojom, ktorý sa rýchlo stáva dôležitou súčasťou riadenia ľudských zdrojov je tzv. certifikácia personálu. Táto certifikácia sa stala prirodzenou súčasťou mechanizmov uplatňovaných Európskou úniou pri napĺňaní jej politiky kvality. Ide o nezávislé posudzovanie spôsobilosti pracovníkov zastávať ur...

Descrizione completa

Salvato in:
Dettagli Bibliografici
Autore principale: Nenadál, Jaroslav
Natura: Capitolo di libro
Lingua:ceco
Soggetti:
Tags: Aggiungi Tag
Nessun Tag, puoi essere il primo ad aggiungerne!!

MARC

LEADER 00000naa$a2200000$$$4500
001 0003816
005 20231002070506.3
041 0 |a cze 
044 |a SK 
245 1 0 |a Personální certifikace - moderní nástroj řízení lidských zdrojů  |c aut. Jaroslav Nenadál 
520 |a Nástrojom, ktorý sa rýchlo stáva dôležitou súčasťou riadenia ľudských zdrojov je tzv. certifikácia personálu. Táto certifikácia sa stala prirodzenou súčasťou mechanizmov uplatňovaných Európskou úniou pri napĺňaní jej politiky kvality. Ide o nezávislé posudzovanie spôsobilosti pracovníkov zastávať určitú funkciu v oblasti manažmentu. Certifikácia personálu v modeli City and Guilds. Certifikácia personálu podľa harmonizovanej schémy EOQ (Európska organizácia pre kvalitu). 
610 2 0 |a personál 
610 2 0 |a certifikácia 
610 2 0 |a zdroje ľudské 
610 2 0 |a riadenie personálne 
610 2 0 |a vzdelávanie 
610 2 0 |a akreditácia 
100 1 |a Nenadál, Jaroslav